000
00301 a2200157 4500
001
170512
020
_a
040
_c
Magnum
100
_a
Brown, Pam
240
1
0
_a
Charlie chaplin
_l
por
245
1
0
_a
Charlie chaplin
362
0
_a
1899
440
1
_a
Globo
697
_a
BIOGRAFIA
942
_c
BK
999
_c
170512
_d
170512